header

Public ends, private means (Record no. 237546)

MARC details
000 -LEADER
fixed length control field 02725nam a22003974a 4500
082 04 - DEWEY DECIMAL CLASSIFICATION NUMBER
Classification number 338.4/73621
245 00 - TITLE STATEMENT
Title Public ends, private means
260 ## - PUBLICATION, DISTRIBUTION, ETC. (IMPRINT)
Place of publication Washington, D.C. :
Name of publisher World Bank,
Year of publication c2007.
300 ## - PHYSICAL DESCRIPTION
Number of Pages xvii, 414 p. :
Other physical details ill.
505 0# - FORMATTED CONTENTS NOTE
Formatted contents note Political economy of strategic purchasing / Alexander S. Preker and April Harding -- Policy design in strategic purchasing / Alexander S. Preker, John C. Langenbrunner, and Paolo C. Belli -- The organizational structure of purchasers / Alexander S. Preker ... [et al.] -- Institutional environment / by Hern�an L. Fuenzalida-Puelma, Reinhard R. Hasslinger, and Alexander S. Preker -- Stewardship, governance, and management / Alexander S. Preker ... [et al.] -- Agency theory and its applications in health care / Xingzhu Liu and Anne Mills -- Doctors' and patients' utility functions / Xingzhu Liu and Anne Mills -- Economic models of doctors' behavior / Xingzhu Liu and Anne Mills -- Economic models of hospital behavior / Xingzhu Liu and Anne Mills -- Motivation and performance-related pay / Xingzhu Liu and Anne Mills -- Payment mechanisms and provider behavior / Xingzhu Liu and Anne Mills -- Supplier-induced demand and unnecessary care / Xingzhu Liu and Anne Mills -- The organization of publicly financed health care services / William Jack -- Contracting for medical care: providing incentives and controlling costs / William Jack -- Measuring efficiency in purchasing / Xingzhu Liu and Anne Mills.
650 #0 - SUBJECT ADDED ENTRY--TOPICAL TERM
Topical Term Medical economics
Topical Term Medical care, Cost of
Topical Term Medical policy
700 1# - ADDED ENTRY--PERSONAL NAME
Personal name Preker, Alexander S.,
856 40 - ELECTRONIC LOCATION AND ACCESS
Uniform Resource Identifier http://site.ebrary.com/lib/rucke/Doc?id=10176222

No items available.

© 2026 Rongo University
Contact us: librarian | system librarian | Rongo university